000 00453nam a2200169Ia 4500
999 _c20901
_d20901
003 OSt
005 20200601144657.0
008 190216s9999||||xx |||||||||||||| ||und||
040 _coclc
082 _a959
_bRAJ/H
100 _aRaj, Hans
_91171
245 0 _aHistory Of South-East Asia /
_cHans Raj
250 _a1st Ed.
260 _bSurjeet Pubs,
_c2002.
_aDelhi:
300 _a276p
942 _cBK
_2ddc
_h959
_iRAJ/H
_k959
_mRAJ/H